[Event "9th Reykjavik op"]
[Site "Reykjavik ISL"]
[Date "1980.02.23"]
[Round "1"]
[White "Browne, Walter Shawn"]
[Black "Sosonko, Gennadi"]
[WhiteElo "2540"]
[BlackElo "2545"]
[Result "1/2-1/2"]
[EventDate "1980.02.23"]
[PlyCount "24"]

1.d4 Nf6 2.Nf3 d5 3.c4 e6 4.Nc3 Bb4 5.Bg5 h6 6.Bxf6 Qxf6 7.Qa4+ Nc6 8.cxd5
exd5 9.Rc1 O-O 10.e3 Qg6 11.a3 Bxc3+ 12.bxc3 a6 1/2-1/2

[Event "9th Reykjavik op"]
[Site "Reykjavik ISL"]
[Date "1980.02.23"]
[Round "1"]
[White "Schuessler, Harry"]
[Black "Torre, Eugenio"]
[WhiteElo "2420"]
[BlackElo "2520"]
[Result "1/2-1/2"]
[EventDate "1980.02.23"]
[PlyCount "77"]

1.d4 g6 2.c4 Nf6 3.Nc3 d5 4.Nf3 Bg7 5.Bf4 O-O 6.Rc1 c6 7.e3 Qa5 8.Qd2 Be6 
9.cxd5 Nxd5 10.Nxd5 Qxd2+ 11.Kxd2 Bxd5 12.Bc4 Bxf3 13.gxf3 Nd7 14.Ke2 Rfd8
15.Rhd1 Rac8 16.Rc2 Kf8 17.Bb3 Nb6 18.Rdc1 Nd5 19.Bg3 Rd7 20.a3 Rcd8 21.
Rc5 f5 22.f4 Bf6 23.R5c2 h6 24.h4 e6 25.Rh1 Rg7 26.Rcc1 Be7 27.f3 Bd6 28.
Bf2 Kf7 29.Rhg1 Rdg8 30.Rg2 Be7 31.Rcg1 Bf6 32.Rc1 Rh8 33.Rh2 Rgg8 34.Rhh1
Rc8 35.Ba2 Be7 36.Rc2 Rh7 37.Rcc1 Rch8 38.Rcg1 Bf6 39.Rg2 1/2-1/2

[Event "9th Reykjavik op"]
[Site "Reykjavik ISL"]
[Date "1980.02.23"]
[Round "1"]
[White "Sigurjonsson, Gudmundur"]
[Black "Angantysson, Haukur"]
[WhiteElo "2475"]
[BlackElo "2425"]
[Result "0-1"]
[EventDate "1980.02.23"]
[PlyCount "72"]

1.Nf3 Nf6 2.g3 d5 3.Bg2 c6 4.O-O Bg4 5.b3 e6 6.Bb2 Be7 7.d3 O-O 8.c4 Nbd7 
9.Nbd2 a5 10.a3 b5 11.Qc2 bxc4 12.bxc4 Qb6 13.Rab1 Qa6 14.e4 Rfc8 15.h3 
Bh5 16.Nd4 Bg6 17.f4 h5 18.f5 exf5 19.Nxf5 Bxf5 20.Rxf5 Qa7+ 21.Kh2 g6 22.
Rf3 d4 23.Rbf1 h4 24.e5 hxg3+ 25.Kh1 Nh5 26.Rxf7 Nxe5 27.Bxd4 Qxd4 28.Rxe7
Rf8 29.Re1 Nxd3 30.Bxc6 Nhf4 31.R1e3 Nf2+ 32.Kg1 N2xh3+ 33.Kh1 Nf2+ 34.Kg1
Rad8 35.Nb3 Qf6 36.Nxa5 Qh4 0-1

[Event "9th Reykjavik op"]
[Site "Reykjavik ISL"]
[Date "1980.02.23"]
[Round "1"]
[White "Petursson, Margeir"]
[Black "Olafsson, Helgi"]
[WhiteElo "2425"]
[BlackElo "2445"]
[Result "0-1"]
[EventDate "1980.02.23"]
[PlyCount "80"]

1.d4 Nf6 2.c4 c5 3.Nf3 cxd4 4.Nxd4 b6 5.Nc3 d6 6.Bg5 Nbd7 7.e4 Bb7 8.Bd3 
e6 9.Qe2 Be7 10.O-O O-O 11.Rad1 Qc7 12.Kh1 Qc5 13.Be3 Qh5 14.Qxh5 Nxh5 15.
Ndb5 Nhf6 16.Be2 Nxe4 17.Nxe4 Bxe4 18.Nxd6 Bc6 19.b4 Rad8 20.Bf4 g5 21.Be3
Nf6 22.Bxg5 Rxd6 23.Rxd6 Bxd6 24.Bxf6 Bxb4 25.Rd1 Rc8 26.Rd4 Kf8 27.Rh4 
Be7 28.Bxe7+ Kxe7 29.Rxh7 b5 30.Rh4 Bd5 31.Kg1 bxc4 32.Bd1 Rb8 33.Kf1 Rb2 
34.Rh3 Rxa2 35.Rc3 a5 36.Ke1 a4 37.Bc2 a3 38.Kd2 Ra1 39.Bd1 a2 40.Ra3 c3+ 
0-1

[Event "9th Reykjavik op"]
[Site "Reykjavik ISL"]
[Date "1980.02.24"]
[Round "2"]
[White "Sosonko, Gennadi"]
[Black "Olafsson, Helgi"]
[WhiteElo "2545"]
[BlackElo "2445"]
[Result "1-0"]
[EventDate "1980.02.23"]
[PlyCount "57"]

1.d4 e6 2.g3 c5 3.Nf3 cxd4 4.Nxd4 d5 5.Bg2 Nf6 6.c4 e5 7.Nb3 d4 8.e3 a5 9.
exd4 a4 10.Nc5 exd4 11.Qe2+ Qe7 12.Ne4 Nxe4 13.Bxe4 Ra6 14.Bd5 Be6 15.Na3 
Bxd5 16.cxd5 Ra5 17.Bf4 Qxe2+ 18.Kxe2 Bxa3 19.bxa3 Na6 20.Kd3 Rxd5 21.
Rhe1+ Kd7 22.Re5 Kc6 23.Rc1+ Nc5+ 24.Kc4 b5+ 25.Kb4 Rxe5 26.Bxe5 Kd5 27.
Rxc5+ Ke4 28.Bxg7 Rd8 29.Bh6 $18 {time} 1-0

[Event "9th Reykjavik op"]
[Site "Reykjavik ISL"]
[Date "1980.02.24"]
[Round "2"]
[White "Vasiukov, Evgeny"]
[Black "Sigurjonsson, Gudmundur"]
[WhiteElo "2545"]
[BlackElo "2475"]
[Result "1/2-1/2"]
[EventDate "1980.02.23"]
[PlyCount "101"]

1.e4 c5 2.Nf3 d6 3.d4 cxd4 4.Nxd4 Nf6 5.Nc3 e6 6.Be2 Be7 7.Be3 Nc6 8.O-O 
O-O 9.f4 a6 10.Qe1 Nxd4 11.Bxd4 b5 12.Rd1 Bb7 13.Bf3 Qc7 14.e5 dxe5 15.
fxe5 Nd7 16.Bxb7 Qxb7 17.Ne4 Qc7 18.Qg3 f5 19.exf6 Qxg3 20.hxg3 gxf6 21.g4
Rad8 22.c3 h6 23.Rde1 Kh7 24.Ng3 e5 25.Be3 Kg6 26.Rf5 Bc5 27.Ne4 Rc8 28.b4
Bxe3+ 29.Rxe3 Rc4 30.Kf2 Nb6 31.Kf3 Nd5 32.Rd3 Ne7 33.Rd6 Nxf5 34.gxf5+ 
Kxf5 35.g4+ Kg6 36.Rxa6 h5 37.gxh5+ Kxh5 38.Rxf6 Rxf6+ 39.Nxf6+ Kg6 40.Ne4
Rc7 41.Ke3 Ra7 42.Nd6 Rxa2 43.Nxb5 Kf5 44.Nd6+ Ke6 45.Ne4 Rb2 46.Nd2 Kf5 
47.Nc4 Rb1 48.Nd6+ Ke6 49.Nc4 Kd5 50.Nb6+ Ke6 51.Nc4 1/2-1/2

[Event "9th Reykjavik op"]
[Site "Reykjavik ISL"]
[Date "1980.02.24"]
[Round "2"]
[White "Torre, Eugenio"]
[Black "Arnason, Jon"]
[WhiteElo "2520"]
[BlackElo "2435"]
[Result "1/2-1/2"]
[EventDate "1980.02.23"]
[PlyCount "64"]

1.c4 c5 2.Nc3 Nc6 3.g3 g6 4.Bg2 Bg7 5.a3 a6 6.Rb1 Rb8 7.b4 cxb4 8.axb4 b5 
9.cxb5 axb5 10.Nf3 Nf6 11.O-O O-O 12.d3 d6 13.Bf4 Bf5 14.Nh4 Bd7 15.Qd2 
Nd4 16.Nf3 Nxf3+ 17.Bxf3 Qe8 18.Bh6 Bc6 19.e4 Ra8 20.Ra1 Qd7 21.Bxg7 Kxg7 
22.d4 Qb7 23.d5 Bd7 24.Bg2 Rfc8 25.Ne2 Rc4 26.Nd4 Rxa1 27.Rxa1 Qb6 28.Rd1 
Qa7 29.h3 Qa4 30.Rb1 Qa7 31.Rd1 Qa4 32.Rb1 Qa7 1/2-1/2

[Event "9th Reykjavik op"]
[Site "Reykjavik ISL"]
[Date "1980.02.24"]
[Round "2"]
[White "Kupreichik, Viktor"]
[Black "Schuessler, Harry"]
[WhiteElo "2535"]
[BlackElo "2420"]
[Result "1/2-1/2"]
[EventDate "1980.02.23"]
[PlyCount "42"]

1.e4 e5 2.Nf3 Nf6 3.Nxe5 d6 4.Nf3 Nxe4 5.Nc3 Nxc3 6.dxc3 Be7 7.Bf4 O-O 8.
Qd2 Nc6 9.Be2 Bg4 10.O-O-O Bf6 11.h3 Bxf3 12.Bxf3 Ne5 13.Bxb7 Rb8 14.Bd5 
c5 15.b3 Qa5 16.Kb2 c4 17.Bg5 Bxg5 18.Qxg5 cxb3 19.cxb3 Nc4+ 20.Kb1 Na3+ 
21.Kb2 Nc4+ 1/2-1/2

[Event "9th Reykjavik op"]
[Site "Reykjavik ISL"]
[Date "1980.02.24"]
[Round "2"]
[White "Browne, Walter Shawn"]
[Black "Byrne, Robert"]
[WhiteElo "2540"]
[BlackElo "2530"]
[Result "1-0"]
[EventDate "1980.02.23"]
[PlyCount "73"]

1.d4 Nf6 2.Nf3 d5 3.c4 e6 4.Nc3 Nbd7 5.Bg5 Be7 6.e3 O-O 7.Rc1 a6 8.cxd5 
exd5 9.Bd3 c6 10.O-O Re8 11.Qc2 Nf8 12.Rce1 Be6 13.Ne5 N6d7 14.Bxe7 Rxe7 
15.f4 f6 16.Nf3 Nb6 17.f5 Bf7 18.Qf2 Qd6 19.g4 Rae8 20.g5 Bh5 21.Qh4 Bxf3 
22.Rxf3 fxg5 23.Qxg5 Nbd7 24.Kh1 Nf6 25.Rg1 Kh8 26.Qg2 Qc7 27.Rg3 Nh5 28.
Rg5 Nf6 29.Ne2 Rf7 30.Rg3 Ne4 31.Bxe4 Rxe4 32.Nf4 Qd7 33.Nh5 Qxf5 34.Nxg7 
Qf2 35.Nf5 Qxg2+ 36.R3xg2 Ng6 37.Nd6 1-0

[Event "9th Reykjavik op"]
[Site "Reykjavik ISL"]
[Date "1980.02.26"]
[Round "3"]
[White "Byrne, Robert"]
[Black "Sosonko, Gennadi"]
[WhiteElo "2530"]
[BlackElo "2545"]
[Result "1-0"]
[EventDate "1980.02.23"]
[PlyCount "85"]

1.e4 c5 2.Nf3 Nc6 3.d4 cxd4 4.Nxd4 e5 5.Nb5 a6 6.Nd6+ Bxd6 7.Qxd6 Qf6 8.
Qxf6 Nxf6 9.Nc3 Nb4 10.Bd3 d5 11.exd5 Nfxd5 12.Nxd5 Nxd5 13.Bd2 Be6 14.
O-O-O O-O-O 15.Rhe1 Nf4 16.Bxf4 exf4 17.Be4 Rxd1+ 18.Rxd1 g5 19.a4 h5 20.
a5 Kc7 21.Rd4 f5 22.Bd5 Bc8 23.h4 gxh4 24.Rxf4 h3 25.gxh3 h4 26.Kd2 Kd6 
27.Bf3 Ke5 28.Ke3 Rh6 29.Rc4 f4+ 30.Rxf4 Bxh3 31.Bxb7 Bf1 32.Rd4 h3 33.f4+
Ke6 34.Kf2 Bb5 35.Kg3 h2 36.Bh1 Bf1 37.f5+ Ke7 38.Rh4 Rxh4 39.Kxh4 Kf6 40.
Kg3 Kxf5 41.Kxh2 Ke5 42.c3 Kd6 43.b4 1-0

[Event "9th Reykjavik op"]
[Site "Reykjavik ISL"]
[Date "1980.02.26"]
[Round "3"]
[White "Schuessler, Harry"]
[Black "Browne, Walter Shawn"]
[WhiteElo "2420"]
[BlackElo "2540"]
[Result "1/2-1/2"]
[EventDate "1980.02.23"]
[PlyCount "98"]

1.d4 Nf6 2.c4 e6 3.Nf3 b6 4.a3 Be7 5.Nc3 d5 6.cxd5 exd5 7.Bf4 Bd6 8.Bxd6 
Qxd6 9.Rc1 a6 10.b4 O-O 11.e3 Nbd7 12.Be2 Ne4 13.O-O Re8 14.Ne1 Nxc3 15.
Rxc3 c5 16.dxc5 bxc5 17.bxc5 Nxc5 18.Nf3 Ne4 19.Rb3 Nc5 20.Rb2 Bd7 21.Nd4 
Ba4 22.Qd2 a5 23.Bf3 Ne4 24.Qd3 Rac8 25.Ne2 Qc5 26.Nf4 Nc3 27.Ra1 Red8 28.
Rd2 Bb3 29.g3 g6 30.Qd4 Qd6 31.h4 h6 32.Qd3 a4 33.Ne2 Bc4 34.Qd4 Bxe2 35.
Bxe2 Nxe2+ 36.Rxe2 Rc4 37.Qd3 Qe5 38.Rd1 Rc3 39.Qd4 Qxd4 40.Rxd4 Rxa3 41.
Red2 Ra1+ 42.Kg2 a3 43.Rxd5 Rxd5 44.Rxd5 h5 45.Ra5 Kf8 46.Ra7 Kg7 47.Ra6 
Kf8 48.Ra7 Kg7 49.Ra6 Kf8 1/2-1/2

[Event "9th Reykjavik op"]
[Site "Reykjavik ISL"]
[Date "1980.02.26"]
[Round "3"]
[White "Sigurjonsson, Gudmundur"]
[Black "Torre, Eugenio"]
[WhiteElo "2475"]
[BlackElo "2520"]
[Result "1/2-1/2"]
[EventDate "1980.02.23"]
[PlyCount "85"]

1.e4 e5 2.Nf3 Nc6 3.Bb5 a6 4.Ba4 Nf6 5.O-O Be7 6.Re1 b5 7.Bb3 d6 8.c3 O-O 
9.h3 Na5 10.Bc2 c5 11.d4 Qc7 12.Nbd2 cxd4 13.cxd4 Rd8 14.Nf1 exd4 15.Nxd4 
d5 16.e5 Ne4 17.f3 Ng5 18.Ng3 g6 19.Kh2 Ne6 20.Nxe6 Bxe6 21.f4 Rac8 22.Bd3
d4 23.f5 Bc4 24.Bh6 Nc6 25.f6 Bb4 26.Bd2 Bf8 27.Bxc4 bxc4 28.Qe2 d3 29.Qe3
Nd4 30.Rac1 Nc2 31.Qg5 Nxe1 32.Rxe1 Rd5 33.Bc3 Qd7 34.Ne4 Qe6 35.Qh4 h6 
36.Nd2 Rdc5 37.Re4 Qf5 38.Qg3 h5 39.Rf4 Qe6 40.Rh4 Qf5 41.Rf4 Qe6 42.Rh4 
Qf5 43.Rf4 1/2-1/2

[Event "9th Reykjavik op"]
[Site "Reykjavik ISL"]
[Date "1980.02.26"]
[Round "3"]
[White "Petursson, Margeir"]
[Black "Angantysson, Haukur"]
[WhiteElo "2425"]
[BlackElo "2425"]
[Result "1-0"]
[EventDate "1980.02.23"]
[PlyCount "103"]

1.c4 Nf6 2.Nc3 g6 3.Nf3 Bg7 4.e4 d6 5.d4 O-O 6.Be2 Bg4 7.Be3 Nc6 8.d5 Bxf3
9.Bxf3 Ne5 10.Be2 c6 11.O-O Qc7 12.f4 Ned7 13.Rc1 e6 14.Kh1 Rfe8 15.Bg1 
exd5 16.cxd5 c5 17.Bf3 Qa5 18.g4 h6 19.h4 b5 20.g5 hxg5 21.hxg5 Nh7 22.e5 
b4 23.Ne4 dxe5 24.f5 gxf5 25.Bh5 f4 26.Qg4 Re7 27.d6 Re6 28.Qf5 Bf6 29.
gxf6 Ndxf6 30.Rxc5 Qa6 31.Bxf7+ Kh8 32.Rf3 Qe2 33.Rh3 Qxe4+ 34.Qxe4 Nxe4 
35.Bxe6 Nxc5 36.Bf5 Kg7 37.Rxh7+ Kf6 38.Bc2 Rc8 39.Bxc5 Rxc5 40.Bb3 Rc1+ 
41.Kg2 Rb1 42.Rxa7 Rxb2+ 43.Kf3 Rd2 44.Rf7+ Kg6 45.d7 Rd3+ 46.Ke4 Re3+ 47.
Kd5 Kh6 48.Ke6 Rd3 49.Ke7 e4 50.d8=Q Rxd8 51.Kxd8 f3 52.Bd5 1-0

[Event "9th Reykjavik op"]
[Site "Reykjavik ISL"]
[Date "1980.02.27"]
[Round "4"]
[White "Vasiukov, Evgeny"]
[Black "Petursson, Margeir"]
[WhiteElo "2545"]
[BlackElo "2425"]
[Result "1/2-1/2"]
[EventDate "1980.02.23"]
[PlyCount "72"]

1.e4 c6 2.d4 d5 3.Nd2 dxe4 4.Nxe4 Nd7 5.Nf3 Ngf6 6.Nxf6+ Nxf6 7.Ne5 Be6 8.
Be2 g6 9.O-O Bg7 10.c3 O-O 11.Re1 Rc8 12.Nd3 b6 13.Qa4 a5 14.Bf4 Nd5 15.
Be5 Bxe5 16.Nxe5 Qc7 17.Bf3 b5 18.Qd1 c5 19.a4 bxa4 20.Rxa4 Rfd8 21.Qa1 
cxd4 22.Rxd4 Nf6 23.Nc6 Rxd4 24.cxd4 Re8 25.Qxa5 Qxa5 26.Nxa5 Bd5 27.Bxd5 
Nxd5 28.Nc4 Rb8 29.g3 e6 30.Ra1 Rb4 31.Ne5 Rb7 32.Ra8+ Kg7 33.Rd8 Nf6 34.
Rc8 Nd5 35.Rd8 Nf6 36.Rc8 Nd5 1/2-1/2

[Event "9th Reykjavik op"]
[Site "Reykjavik ISL"]
[Date "1980.02.27"]
[Round "4"]
[White "Torre, Eugenio"]
[Black "Miles, Tony"]
[WhiteElo "2520"]
[BlackElo "2545"]
[Result "1/2-1/2"]
[EventDate "1980.02.23"]
[PlyCount "30"]

1.g3 e5 2.Bg2 d5 3.d3 g6 4.c4 d4 5.Nf3 Bg7 6.O-O Ne7 7.b4 O-O 8.a4 a5 9.b5
c5 10.bxc6 Nexc6 11.Na3 Na6 12.Nb5 Bd7 13.Ne1 Rb8 14.Nc2 Nc5 15.Ba3 b6 
1/2-1/2

[Event "9th Reykjavik op"]
[Site "Reykjavik ISL"]
[Date "1980.02.27"]
[Round "4"]
[White "Kupreichik, Viktor"]
[Black "Sigurjonsson, Gudmundur"]
[WhiteElo "2535"]
[BlackElo "2475"]
[Result "1-0"]
[EventDate "1980.02.23"]
[PlyCount "93"]

1.e4 c5 2.Nc3 e6 3.Nf3 d6 4.d4 cxd4 5.Nxd4 Nf6 6.f4 Be7 7.Be3 O-O 8.Qf3 e5
9.Nf5 Bxf5 10.exf5 Qa5 11.O-O-O e4 12.Qh3 Rc8 13.Bd4 Nc6 14.Bc4 Qb4 15.
Bxf6 Bxf6 16.Bb3 Nd4 17.Nd5 Rxc2+ 18.Kb1 Nxb3 19.Nxf6+ gxf6 20.Kxc2 Rc8+ 
21.Kb1 Nd2+ 22.Ka1 Rc2 23.Qa3 Qxa3 24.bxa3 d5 25.Rc1 Rxc1+ 26.Rxc1 d4 27.
Kb2 b5 28.Rc8+ Kg7 29.Rd8 Nc4+ 30.Kb3 d3 31.Kc3 Nxa3 32.Kd4 Nb1 33.Kxe4 
Nc3+ 34.Kxd3 Nxa2 35.Kd4 b4 36.Kc4 a5 37.Ra8 Nc3 38.Rxa5 Nd1 39.Kd3 h5 40.
Rb5 Nf2+ 41.Kd4 h4 42.h3 Nh1 43.Rxb4 Ng3 44.Rb5 Kh6 45.Ke3 Kh5 46.Kf3 Nf1 
47.Rb8 1-0

[Event "9th Reykjavik op"]
[Site "Reykjavik ISL"]
[Date "1980.02.27"]
[Round "4"]
[White "Browne, Walter Shawn"]
[Black "Arnason, Jon"]
[WhiteElo "2540"]
[BlackElo "2435"]
[Result "1/2-1/2"]
[EventDate "1980.02.23"]
[PlyCount "67"]

1.d4 d5 2.c4 c6 3.Nc3 Nf6 4.Nf3 dxc4 5.a4 Bf5 6.e3 e6 7.Bxc4 Bb4 8.O-O O-O
9.Qe2 Nbd7 10.e4 Bg6 11.e5 Nd5 12.Bg5 Qa5 13.Nxd5 cxd5 14.Bb5 Nb8 15.Nh4 
a6 16.Nxg6 fxg6 17.Bd3 Nc6 18.Qg4 Rae8 19.h4 Bd2 20.h5 Bxg5 21.Qxg5 Qb4 
22.hxg6 h6 23.Qe3 Nxd4 24.f4 Rc8 25.Rf2 Nb3 26.Raf1 Nc5 27.f5 Nxd3 28.Qxd3
exf5 29.Rxf5 Qb6+ 30.Kh2 Qe6 31.Rxf8+ Rxf8 32.Rxf8+ Kxf8 33.Qc3 Ke7 34.
Qb4+ 1/2-1/2

[Event "9th Reykjavik op"]
[Site "Reykjavik ISL"]
[Date "1980.02.27"]
[Round "4"]
[White "Byrne, Robert"]
[Black "Schuessler, Harry"]
[WhiteElo "2530"]
[BlackElo "2420"]
[Result "1/2-1/2"]
[EventDate "1980.02.23"]
[PlyCount "63"]

1.e4 e5 2.Nf3 Nf6 3.Nxe5 d6 4.Nf3 Nxe4 5.Qe2 Qe7 6.d3 Nf6 7.Bg5 Qxe2+ 8.
Bxe2 Be7 9.Nc3 c6 10.O-O-O Na6 11.Rhe1 Nc7 12.h3 Ne6 13.Be3 O-O 14.d4 d5 
15.a3 Ne8 16.Bd3 Nd6 17.Kb1 Re8 18.g4 b6 19.Ne5 Bb7 20.f4 f6 21.Nf3 Bf8 
22.f5 Nc7 23.Bf4 Ba6 24.Bxa6 Nxa6 25.b3 Rxe1 26.Rxe1 Re8 27.Rxe8 Nxe8 28.
Kb2 Nac7 29.Ne2 Kf7 30.c4 dxc4 31.bxc4 Bd6 32.Kb3 1/2-1/2

[Event "9th Reykjavik op"]
[Site "Reykjavik ISL"]
[Date "1980.02.28"]
[Round "5"]
[White "Sosonko, Gennadi"]
[Black "Angantysson, Haukur"]
[WhiteElo "2545"]
[BlackElo "2425"]
[Result "1-0"]
[EventDate "1980.02.23"]
[PlyCount "69"]

1.d4 e6 2.c4 Bb4+ 3.Bd2 Bxd2+ 4.Qxd2 Nf6 5.Nc3 d6 6.Nf3 Nc6 7.g3 O-O 8.Bg2
e5 9.h3 h6 10.d5 Ne7 11.e4 Nd7 12.Nh4 a5 13.O-O Nb6 14.b3 a4 15.Qe3 g5 16.
Nf3 f5 17.exf5 Nxf5 18.Qd2 axb3 19.axb3 Rxa1 20.Rxa1 Nd7 21.Ra8 Qf6 22.Qe1
Nc5 23.b4 Nd4 24.Nxd4 exd4 25.Nb5 Nd7 26.Ra2 d3 27.Qe6+ Kg7 28.Nxc7 Ne5 
29.Ne8+ Rxe8 30.Qxe8 Bf5 31.Ra8 Qf7 32.Qh8+ Kg6 33.Rg8+ Kh5 34.Qxe5 Bxh3 
35.g4+ 1-0

[Event "9th Reykjavik op"]
[Site "Reykjavik ISL"]
[Date "1980.02.28"]
[Round "5"]
[White "Torre, Eugenio"]
[Black "Olafsson, Helgi"]
[WhiteElo "2520"]
[BlackElo "2445"]
[Result "1/2-1/2"]
[EventDate "1980.02.23"]
[PlyCount "22"]

1.e4 c5 2.Nf3 d6 3.d4 cxd4 4.Nxd4 Nf6 5.Nc3 a6 6.Be3 e5 7.Nf3 Qc7 8.a4 b6 
9.Nd2 Be6 10.Bd3 Nc6 11.Bg5 Be7 1/2-1/2

[Event "9th Reykjavik op"]
[Site "Reykjavik ISL"]
[Date "1980.02.28"]
[Round "5"]
[White "Kupreichik, Viktor"]
[Black "Petursson, Margeir"]
[WhiteElo "2535"]
[BlackElo "2425"]
[Result "1/2-1/2"]
[EventDate "1980.02.23"]
[PlyCount "78"]

1.e4 c5 2.Nf3 Nc6 3.d4 cxd4 4.Nxd4 g6 5.Nc3 Bg7 6.Be3 Nf6 7.Nxc6 bxc6 8.e5
Nd5 9.Nxd5 cxd5 10.Qxd5 Rb8 11.Bxa7 Rxb2 12.Bd4 Rxc2 13.Bd3 e6 14.Qa8 Rc6 
15.O-O O-O 16.Bb5 Ba6 17.Qxd8 Rxd8 18.Bxc6 Bxf1 19.Kxf1 dxc6 20.Bc3 Rd3 
21.Rc1 Rd5 22.Re1 Rc5 23.Re3 Rc4 24.Bb2 h5 25.Ke1 Kh7 26.Kd1 g5 27.f3 Ra4 
28.a3 c5 29.Kc2 c4 30.Kc3 Kg6 31.Re4 Kf5 32.Kd4 g4 33.Ke3 Bh6+ 34.Kf2 Bf4 
35.g3 Bd2 36.Rd4 Bh6 37.fxg4+ hxg4 38.Ke2 Bg5 39.Kf2 Bh6 1/2-1/2

[Event "9th Reykjavik op"]
[Site "Reykjavik ISL"]
[Date "1980.02.28"]
[Round "5"]
[White "Byrne, Robert"]
[Black "Sigurjonsson, Gudmundur"]
[WhiteElo "2530"]
[BlackElo "2475"]
[Result "1/2-1/2"]
[EventDate "1980.02.23"]
[PlyCount "104"]

1.d4 d5 2.c4 c6 3.Nf3 Nf6 4.e3 Bf5 5.Bd3 Bxd3 6.Qxd3 e6 7.Nc3 Nbd7 8.O-O 
Be7 9.e4 dxe4 10.Nxe4 Nxe4 11.Qxe4 O-O 12.Rd1 Re8 13.Be3 Qa5 14.a3 Qa4 15.
Rac1 Rad8 16.h3 Nb6 17.Qb1 h6 18.Qa2 Bf6 19.b3 Qa5 20.a4 Rd7 21.Rd2 Red8 
22.Rcd1 Qf5 23.Qb1 Qxb1 24.Rxb1 g5 25.Rbd1 Kg7 26.Kf1 Kg6 27.g4 Bg7 28.a5 
Nc8 29.Ne5+ Bxe5 30.dxe5 Rxd2 31.Rxd2 Rxd2 32.Bxd2 h5 33.Be3 hxg4 34.hxg4 
a6 35.Ke2 f5 36.exf6 Kxf6 37.Kd3 e5 38.Kc3 Nd6 39.f3 Nf7 40.Kb4 Ke6 41.Kc5
Kd7 42.Kb6 Kc8 43.Bc5 Kb8 44.Be7 Kc8 45.Bf6 Kb8 46.b4 Kc8 47.b5 cxb5 48.
cxb5 axb5 49.Kxb5 e4 50.fxe4 Nd6+ 51.Kb6 Nxe4 52.Bd4 Kb8 1/2-1/2

[Event "9th Reykjavik op"]
[Site "Reykjavik ISL"]
[Date "1980.02.28"]
[Round "5"]
[White "Schuessler, Harry"]
[Black "Arnason, Jon"]
[WhiteElo "2420"]
[BlackElo "2435"]
[Result "1/2-1/2"]
[EventDate "1980.02.23"]
[PlyCount "92"]

1.d4 d5 2.c4 c6 3.Nc3 Nf6 4.e3 g6 5.Nf3 Bg7 6.Bd3 O-O 7.O-O Bg4 8.cxd5 
cxd5 9.h3 Bxf3 10.Qxf3 Nc6 11.Rd1 Rc8 12.Bf1 e6 13.b3 e5 14.Bb2 exd4 15.
exd4 Re8 16.Rac1 Ne4 17.Nxe4 Rxe4 18.Bd3 Nxd4 19.Bxd4 Rxd4 20.Rxc8 Qxc8 
21.Bf1 Rxd1 22.Qxd1 Qc5 23.g3 Bd4 24.Qe2 Qc3 25.Kg2 Bc5 26.h4 Qd4 27.Qf3 
h5 28.Bb5 Kf8 29.Qe2 a6 30.Bd3 Kg7 31.Bc2 f6 32.Bb1 Kh6 33.Qc2 f5 34.Qe2 
Kg7 35.Qc2 Kf7 36.Qe2 Kf6 37.Bd3 Qc3 38.Kf3 Qd4 39.Kg2 Kg7 40.Bb1 Kf7 41.
Bd3 Kf6 42.Bb1 Qe5 43.Qd2 Kg7 44.Qc2 Qd4 45.Qe2 Kh6 46.Qc2 Kg7 1/2-1/2

[Event "9th Reykjavik op"]
[Site "Reykjavik ISL"]
[Date "1980.03.01"]
[Round "6"]
[White "Schuessler, Harry"]
[Black "Sosonko, Gennadi"]
[WhiteElo "2420"]
[BlackElo "2545"]
[Result "1/2-1/2"]
[EventDate "1980.02.23"]
[PlyCount "95"]

1.d4 Nf6 2.c4 c5 3.d5 e6 4.Nc3 exd5 5.cxd5 d6 6.Nf3 g6 7.Bf4 a6 8.a4 Bg7 
9.e4 O-O 10.Nd2 Nh5 11.Be3 Nd7 12.Be2 Ne5 13.f4 Ng4 14.Bxg4 Qh4+ 15.g3 
Qxg4 16.Qxg4 Bxg4 17.h3 Bd7 18.g4 Bxc3 19.bxc3 Nf6 20.Kf2 b5 21.Kf3 Rfb8 
22.Rhb1 Ne8 23.Ra2 Nc7 24.c4 bxc4 25.Rxb8+ Rxb8 26.Nxc4 Ne8 27.Rb2 Rxb2 
28.Nxb2 f6 29.e5 fxe5 30.fxe5 dxe5 31.Ke4 h5 32.Kxe5 hxg4 33.hxg4 Bxg4 34.
Bxc5 Bd7 35.Be7 Kf7 36.Bg5 Ng7 37.Kd6 Ke8 38.Kc7 Nf5 39.Kb6 Nd6 40.Bf4 Ne4
41.Be5 Bc8 42.Nd3 g5 43.Nb4 g4 44.Nxa6 g3 45.Nb4 g2 46.Bd4 Kd7 47.a5 Nc3 
48.a6 1/2-1/2

[Event "9th Reykjavik op"]
[Site "Reykjavik ISL"]
[Date "1980.03.01"]
[Round "6"]
[White "Arnason, Jon"]
[Black "Byrne, Robert"]
[WhiteElo "2435"]
[BlackElo "2530"]
[Result "0-1"]
[EventDate "1980.02.23"]
[PlyCount "108"]

1.e4 c5 2.Nf3 d6 3.d4 cxd4 4.Nxd4 Nf6 5.Nc3 a6 6.Be2 e5 7.Nb3 Be7 8.O-O 
O-O 9.Bg5 Be6 10.f4 exf4 11.Bxf4 Nc6 12.Kh1 d5 13.e5 Nd7 14.Nxd5 Ndxe5 15.
c4 a5 16.Rc1 f6 17.a3 a4 18.Nxe7+ Qxe7 19.Nd4 Rfd8 20.Nxc6 bxc6 21.Qc2 Bf7
22.Rfd1 Bg6 23.Rxd8+ Qxd8 24.Qc3 Nd3 25.Bxd3 Qxd3 26.Qxd3 Bxd3 27.Rc3 Rd8 
28.Kg1 g5 29.Be3 Be2 30.Kf2 Bd1 31.Bc5 Bb3 32.Re3 Bxc4 33.Bb4 Kf7 34.Bc3 
Rd5 35.Rf3 f5 36.Re3 f4 37.Re5 Rd1 38.Re1 Rd3 39.Re4 Bb5 40.Re5 Rd1 41.Re1
Rd6 42.Re5 Kg6 43.Re7 h6 44.Re4 h5 45.Bb4 Rd3 46.Bc3 h4 47.h3 Rd5 48.Re5 
Kf7 49.Re4 Rd3 50.Re5 Rg3 51.Kg1 Kg6 52.Re4 f3 53.Rg4 Rxg4 54.hxg4 Be2 {
white resigns in draw position!!} ( 54...Be2 55.gxf3 Bxf3 56.Kf2 Bxg4 57.
Ba5 $1 Kh5 58.Ke3 Bd1 59.Bd8 g4 60.Kf4 g3 61.Bc7 $1 $11 ) 0-1

[Event "9th Reykjavik op"]
[Site "Reykjavik ISL"]
[Date "1980.03.01"]
[Round "6"]
[White "Sigurjonsson, Gudmundur"]
[Black "Browne, Walter Shawn"]
[WhiteElo "2475"]
[BlackElo "2540"]
[Result "1/2-1/2"]
[EventDate "1980.02.23"]
[PlyCount "82"]

1.e4 c5 2.Nf3 d6 3.d4 cxd4 4.Nxd4 Nf6 5.Nc3 a6 6.Be2 e5 7.Nb3 Be7 8.O-O 
O-O 9.Bg5 Be6 10.f4 exf4 11.Bxf4 Nc6 12.Kh1 Rc8 13.Qe1 Ne5 14.Rd1 Nfd7 15.
Qg3 Re8 16.Nd4 Bh4 17.Nxe6 Rxe6 18.Qe3 h6 19.Qd4 Bg5 20.Bg3 Bh4 21.Bf4 Bg5
22.Bg3 Bh4 23.Bf4 Bf6 24.Qb4 Nc6 25.Qa3 Nde5 26.Nd5 Bg5 27.Bg3 Na5 28.Bd3 
Nac4 29.Qb4 b5 30.b3 Nb2 31.Bxe5 dxe5 32.Ra1 Nxd3 33.cxd3 Rc2 34.Qe1 a5 
35.Qd1 Rec6 36.Qf3 Qe8 37.Rf2 Rc1+ 38.Rxc1 Rxc1+ 39.Rf1 Rxf1+ 40.Qxf1 Qc6 
41.h3 Qc2 1/2-1/2

[Event "9th Reykjavik op"]
[Site "Reykjavik ISL"]
[Date "1980.03.01"]
[Round "6"]
[White "Petursson, Margeir"]
[Black "Torre, Eugenio"]
[WhiteElo "2425"]
[BlackElo "2520"]
[Result "0-1"]
[EventDate "1980.02.23"]
[PlyCount "62"]

1.c4 e5 2.Nc3 Nf6 3.g3 d5 4.cxd5 Nxd5 5.Bg2 Nb6 6.Nf3 Nc6 7.O-O Be7 8.d3 
O-O 9.Be3 Bg4 10.Rc1 Re8 11.Re1 Bf8 12.a4 Bb4 13.Ng5 Qe7 14.Nd5 Nxd5 15.
Bxd5 Bh5 16.Bd2 Bxd2 17.Qxd2 Nd4 18.Ne4 c6 19.Ba2 Bxe2 20.Qe3 Bh5 21.Kg2 
Bf3+ 22.Kg1 Rad8 23.Rc4 Bh5 24.Kg2 Qd7 25.h3 Kh8 26.g4 Bg6 27.a5 f5 28.
gxf5 Nxf5 29.Qe2 Nd4 30.Qe3 Bf7 31.Ng5 Bd5+ 0-1

[Event "9th Reykjavik op"]
[Site "Reykjavik ISL"]
[Date "1980.03.01"]
[Round "6"]
[White "Olafsson, Helgi"]
[Black "Vasiukov, Evgeny"]
[WhiteElo "2445"]
[BlackElo "2545"]
[Result "1/2-1/2"]
[EventDate "1980.02.23"]
[PlyCount "57"]

1.c4 e6 2.g3 d5 3.Bg2 Nf6 4.d4 Be7 5.Nf3 O-O 6.O-O dxc4 7.Qc2 a6 8.Qxc4 b5
9.Qc2 Bb7 10.Bd2 Ra7 11.a4 Be4 12.Qc1 b4 13.Bg5 Nbd7 14.Nbd2 Ba8 15.Nb3 c5
16.dxc5 Rc7 17.Rd1 Qc8 18.Bf4 Nxc5 19.Nbd4 Rd7 20.Ne5 Rxd4 21.Rxd4 Bxg2 
22.Kxg2 Qa8+ 23.Kg1 Nb3 24.Qd1 Nxd4 25.Qxd4 Rd8 26.Qc4 Rc8 27.Qd3 Rd8 28.
Qc4 Rc8 29.Qd3 1/2-1/2

[Event "9th Reykjavik op"]
[Site "Reykjavik ISL"]
[Date "1980.03.02"]
[Round "7"]
[White "Arnason, Jon"]
[Black "Sosonko, Gennadi"]
[WhiteElo "2435"]
[BlackElo "2545"]
[Result "1/2-1/2"]
[EventDate "1980.02.23"]
[PlyCount "32"]

1.e4 c5 2.Nf3 Nc6 3.d4 cxd4 4.Nxd4 e5 5.Nb5 a6 6.Nd6+ Bxd6 7.Qxd6 Qf6 8.
Qc7 Nge7 9.Nc3 Nb4 10.Bd3 d5 11.O-O d4 12.Na4 Qc6 13.Qxc6+ Nexc6 14.Nb6 
Rb8 15.Nxc8 Rxc8 16.Bd2 Nxd3 1/2-1/2